[Event "Reunion op 07th"]
[Site "Reunion"]
[Date "2004.10.11"]
[Round "4"]
[White "Nativel, Fabrice"]
[Black "Richauvet, Olivier"]
[Result "1-0"]
[WhiteElo "1440"]
[BlackElo "1199"]
[PlyCount "73"]
[EventDate "2004.10.09"]
[EventType "swiss"]
[EventRounds "9"]
[EventCountry "RUF"]
[SourceTitle "CBM 102 Extra"]
[Source "ChessBase"]
[SourceDate "2004.11.03"]
[SourceVersion "1"]
[SourceVersionDate "2004.11.03"]
[SourceQuality "1"]

1. d4 d5 2. e3 Nf6 3. c4 c6 4. Nc3 Qa5 5. Bd2 Qc7 6. Nf3 Bf5 7. Qa4 Nbd7 8. Be2 0-0-0 9. Rc1 Nb6 10. Qb3 e6 11. Ne5 dxc4 12. Bxc4 Rg8 13. Rg1 Kb8 14. Rh1 Rc8 15. Nf3 Rh8 16. Ne5 Rd8 17. a4 Bd6 18. Nf3 Rhe8 19. Be2 e5 20. a5 Nbd5 21. Nb5 cxb5 22. Rxc7 Kxc7 23. dxe5 Bxe5 24. Bxb5 Nd7 25. Qxd5 Be6 26. Qd3 Nc5 27. Qc2 Bd6 28. Bxe8 Rxe8 29. b4 Bb3 30. Qc3 Kd8 31. bxc5 Be5 32. Nxe5 Be6 33. c6 bxc6 34. Nxc6+ Kd7 35. Nxa7 Ra8 36. Qc6+ Ke7 37. Qxa8 1-0